Ak už úver, tak iba ten výhodnejší
Skratka RPMN - ročná percentuálna miera nákladov. RPMN - pomôcka na rýchle porovnanie akýchkoľvek pôžičiek. Čím je RPMN úveru nižšia, tým je tento úver pre dlžníka výhodnejší. Príklad porovnania pôžičiek s rôznou výškou i splatnosťou.
Gespeichert in:
| 1. Verfasser: | |
|---|---|
| Format: | Buchkapitel |
| Sprache: | Slowakisch |
| Schlagworte: | |
| Tags: |
Keine Tags, Fügen Sie das erste Tag hinzu!
|
MARC
| LEADER | 00000naa a2200000 4500 | ||
|---|---|---|---|
| 001 | 0165641 | ||
| 005 | 20240502072903.8 | ||
| 041 | 0 | |a slo | |
| 044 | |a SK | ||
| 245 | 1 | 0 | |a Ak už úver, tak iba ten výhodnejší |c Pavel Škriniar |
| 520 | |a Skratka RPMN - ročná percentuálna miera nákladov. RPMN - pomôcka na rýchle porovnanie akýchkoľvek pôžičiek. Čím je RPMN úveru nižšia, tým je tento úver pre dlžníka výhodnejší. Príklad porovnania pôžičiek s rôznou výškou i splatnosťou. | ||
| 610 | 2 | 0 | |a pôžičky |
| 610 | 2 | 0 | |a úver |
| 610 | 2 | 0 | |a náklady |
| 610 | 2 | 0 | |a dlhy |
| 610 | 2 | 0 | |a dlžníci |
| 610 | 2 | 0 | |a banky |
| 100 | 1 | |a Škriniar, Pavel, 1979- | |